Online
Catalog

Trento : (Record no. 41376)

MARC details
000 -CABECERA
campo de control de longitud fija 00865nam a2200205 a 4500
001 - NÚMERO DE CONTROL
campo de control 000041887
005 - FECHA Y HORA DE LA ÚLTIMA TRANSACCIÓN
campo de control 20201002035819.0
008 - DATOS DE LONGITUD FIJA--INFORMACIÓN GENERAL
campo de control de longitud fija 131021s1981 sp 001 0 spa d
020 ## - NÚMERO INTERNACIONAL ESTÁNDAR DEL LIBRO
Número Internacional Estándar del Libro 8430037659
040 ## - FUENTE DE LA CATALOGACIÓN
Centro catalogador/agencia de origen DO-SdBNP
Lengua de catalogación spa
Centro/agencia transcriptor BNPHU
245 00 - MENCIÓN DE TÍTULO
Título Trento :
Resto del título Un Concilio para la unión : (1550-1552) /
Mención de responsabilidad, etc. Edición crítica preparada y anotada por Constancio Gutiérrez.
260 ## - PUBLICACIÓN, DISTRIBUCIÓN, ETC.
Lugar de publicación, distribución, etc. Madrid :
Nombre del editor, distribuidor, etc. Instituto Enrique Flórez : Consejo superior de Investigaciones Científicas,
Fecha de publicación, distribución, etc. 1981.
300 ## - DESCRIPCIÓN FÍSICA
Extensión v. (XVIII, 624) p., ;
Dimensiones 26 cm.
490 1# - MENCIÓN DE SERIE
Mención de serie Corpus Tridentinum Hispanicum
Designación de volumen o secuencia 3
500 ## - NOTA GENERAL
Nota general Incluye índice
504 ## - NOTA DE BIBLIOGRAFÍA, ETC.
Nota de bibliografía, etc. Incluye referencias bibliográficas y notas al pie de las páginas
505 2# - NOTA DE CONTENIDO CON FORMATO
Nota de contenido con formato V. 2
Título Fuentes :(1552-1553)(Cartas, despachos, nóminas etc.)
700 1# - PUNTO DE ACCESO ADICIONAL--NOMBRE DE PERSONA
Nombre de persona Gutiérrez, Constancio
Término indicativo de función/relación ed.
9 (RLIN) 68775
830 #0 - PUNTO DE ACCESO ADICIONAL DE SERIE-TÍTULO UNIFORME
Título uniforme Corpus Tridentinum Hispanicum ;
Designación de volumen o secuencia 3
9 (RLIN) 68776
Holdings
Estado de retiro Estado de pérdida Restricciones de uso No para préstamo Código de colección Localización permanente Ubicación/localización actual Ubicación en estantería Fecha de adquisición Número de inventario Total de préstamos Signatura topográfica completa Código de barras Fecha visto por última vez Precio válido a partir de Tipo de ítem Koha
      Excluido de préstamo Monografías: Libros y Folletos General General En catalogación 21.10.2013 LF1   v. 2 41887-10 25.06.2020 25.06.2020 No se presta

Powered by Koha